|
|
|
|
| LEADER |
01331nam a2200337 a 4500 |
| 001 |
35670 |
| 003 |
BD-DhAAL |
| 005 |
20211206132018.0 |
| 008 |
200309r20052004enk b 001 0 eng d |
| 999 |
|
|
|c 42311
|d 42311
|
| 020 |
|
|
|a 0335212476 (hbk.)
|
| 020 |
|
|
|a 0335211992 (pbk.)
|
| 020 |
|
|
|a 9780335211999
|
| 035 |
|
|
|a 3806157
|
| 040 |
|
|
|a StDuBDS
|b eng
|d ANL
|d BD-DhAAL
|
| 042 |
|
|
|a anuc
|
| 082 |
0 |
4 |
|a 370.72
|2 22
|
| 100 |
1 |
|
|a Yates, Lyn,
|d 1949-
|9 39847
|
| 245 |
1 |
0 |
|a What does good education research look like? :
|b situating a field and its practices /
|c Lyn Yates.
|
| 260 |
|
|
|a Maidenhead, Berks. :
|b Open University Press,
|c c2004 [reprinted 2005]
|
| 300 |
|
|
|a x, 232 pages ;
|c 24 cm.
|
| 490 |
1 |
|
|a Conducting educational research
|
| 504 |
|
|
|a Includes bibliographical references (pages [216]-222) and index.
|
| 526 |
|
|
|a BIED
|
| 541 |
|
|
|a Complimentary copy from BIED
|e 35670
|
| 650 |
|
0 |
|a Education
|x Research.
|9 39848
|
| 650 |
|
0 |
|a Education
|x Research
|x Evaluation.
|9 39849
|
| 830 |
|
0 |
|a Conducting educational research.
|9 39850
|
| 852 |
|
|
|a Ayesha Abed Library
|c BIED Collection
|
| 942 |
|
|
|2 ddc
|c BK
|
| 952 |
|
|
|0 0
|1 0
|2 ddc
|4 0
|6 370_720000000000000_YAT
|7 0
|9 68117
|a BRACUL
|b BRACUL
|c GEN
|d 2020-03-09
|e Complimentary copy from BIED
|l 0
|o 370.72 YAT
|p 3010035670
|r 2020-03-09
|t 1
|w 2020-03-09
|y BK
|x Transferred from BIED to General Stacks
|